[Event "NRW Class2 1112"]
[Site "Germany"]
[Date "2012.04.29"]
[Round "9.7"]
[White "Werring, Carl Friedrich"]
[Black "Ribbeheger, Edgar"]
[Result "0-1"]
[WhiteElo "1908"]
[BlackElo "1984"]
[PlyCount "48"]
[EventDate "2011.09.18"]
[EventType "team-tourn"]
[EventRounds "9"]
[EventCountry "GER"]
[SourceTitle "EXT 2015"]
[Source "ChessBase"]
[SourceDate "2014.11.20"]
[SourceVersion "1"]
[SourceVersionDate "2014.11.20"]
[SourceQuality "1"]
[WhiteTeam "Sendenhorst"]
[BlackTeam "Herne Sodingen"]
[WhiteTeamCountry "GER"]
[BlackTeamCountry "GER"]

1. c4 c5 2. Nc3 b6 3. Nf3 Bb7 4. d4 cxd4 5. Nxd4 Nf6 6. Bf4 d6 7. Nc2 g6 8. Qd2 Qc8 9. f3 Bg7 10. e4 0-0 11. Bh6 Nc6 12. h4 Ne5 13. h5 gxh5 14. Qg5 Ng6 15. Bxg7 Kxg7 16. Ne3 e6 17. g4 Qc5 18. Nf5+ exf5 19. gxf5 h6 20. Qg3 Qe3+ 21. Be2 Nxe4 22. Nxe4 Bxe4 23. Rxh5 Bd3 24. Rh2 Bxf5 0-1

[Event "Moehnesee Cup-A 37th"]
[Site "Moehnesee"]
[Date "2011.09.04"]
[Round "6"]
[White "Werring, Carl Friedrich"]
[Black "Buddensiek, Uwe"]
[Result "1/2-1/2"]
[WhiteElo "2032"]
[BlackElo "2159"]
[PlyCount "73"]
[EventDate "2011.09.01"]
[EventType "swiss"]
[EventRounds "7"]
[EventCountry "GER"]
[SourceTitle "EXT 2013"]
[Source "ChessBase"]
[SourceDate "2012.11.22"]
[SourceVersion "1"]
[SourceVersionDate "2012.11.22"]
[SourceQuality "1"]

1. c4 g6 2. g3 Bg7 3. Bg2 c6 4. Nc3 d6 5. e4 e5 6. Nge2 Ne7 7. 0-0 0-0 8. b4 Na6 9. Rb1 Be6 10. d3 Qd7 11. b5 Nc5 12. f4 exf4 13. d4 Bg4 14. dxc5 Bxc3 15. cxd6 Bxe2 16. Qxe2 Qxd6 17. Bxf4 Qc5+ 18. Kh1 Be5 19. Bd2 Qd6 20. Rbd1 Qe6 21. Bb4 Rfe8 22. Bf3 cxb5 23. cxb5 Bg7 24. Rd6 Qe5 25. Qd3 a6 26. bxa6 Rxa6 27. Rxa6 bxa6 28. Qxa6 Qd4 29. Qb5 Qd8 30. Bd1 Qa8 31. Qc4 Nf5 32. Qd5 Qxd5 33. exd5 Rb8 34. Rf4 Be5 35. Re4 Bxg3 36. Bb3 Bd6 37. Bc3 1/2-1/2

[Event "Moehnesee Cup-A 37th"]
[Site "Moehnesee"]
[Date "2011.09.02"]
[Round "2"]
[White "Werring, Carl Friedrich"]
[Black "Eckardt, Joshua"]
[Result "1-0"]
[WhiteElo "2032"]
[BlackElo "1822"]
[PlyCount "35"]
[EventDate "2011.09.01"]
[EventType "swiss"]
[EventRounds "7"]
[EventCountry "GER"]
[SourceTitle "EXT 2013"]
[Source "ChessBase"]
[SourceDate "2012.11.22"]
[SourceVersion "1"]
[SourceVersionDate "2012.11.22"]
[SourceQuality "1"]

1. c4 e6 2. g3 Nf6 3. Bg2 d5 4. Nf3 Nbd7 5. 0-0 Be7 6. cxd5 exd5 7. Nc3 c6 8. d4 0-0 9. Rb1 a5 10. a3 Nb6 11. Qd3 a4 12. Ne5 Re8 13. f4 g6 14. f5 Kg7 15. g4 Ng8 16. fxg6 fxg6 17. Rf7+ Kh8 18. Rxh7+ 1-0